000 00732nam a2200253Ia 4500
003 OSt
005 20220923211443.0
006 a|||||r|||| 00| 0
007 ta
008 Pun
020 _a9789350174913 (hbk)
_c150
024 _a290,311
037 _b1019, 16/03/2016, H.K. Prakashan
_cTextual
040 _aARTS
_cARTS
_bPun
041 _2Pun
_aPun
082 _aQv, 153Q1
100 _aਓFੋ
_9160541
245 0 _aਗਹਿਰੇ ਪਾਣੀ ਪੈਠ
260 _aਲੁਧਿਆਣਾ
_b ਲੋਕਗੀਤ ਪਬਲੀਕੇFਨਗ਼
_c2011
300 _a164ਪੰ
_ccm.
650 _aਧਰਮ
942 _hQv, 153Q1
_cTEXL
_2CC
999 _c299694
_d299694